Eniten kasvavat kunnat 2045 - Statistics

Yleistilastot
  • Tätä visaa on pelattu 32 kertaa
  • Keskiarvotulos 16 / 20
Vastaustilastot
Kasvuluku Väestö 2045 Kunta % Oikein
149 556 836250 Helsinki
100%
38 539 243698 Turku
100%
34 608 252023 Oulu
96%
63 517 323629 Tampere
96%
68 384 321240 Vantaa
96%
104 036 426115 Espoo
92%
19 125 144769 Kuopio
92%
16 920 166299 Jyväskylä
88%
8 542 50214 Kirkkonummi
84%
7 255 46019 Kerava
80%
5 616 75229 Vaasa
80%
9 742 56914 Järvenpää
72%
7 159 43239 Nokia
68%
7 117 30158 Seinäjoki
68%
9 158 54453 Nurmijärvi
64%
6 737 72623 Rovaniemi
64%
10 935 52927 Tuusula
64%
6 911 73733 Sipoo
60%
8 598 45543 Kaarina
56%
6 476 40346 Kangasala
36%
Ehtoja vastaavia visoja ei löytynyt
Tulosjakauma
Jokaisen tuloksen saaneiden osuus
Persentiili vastausten määrän mukaan
Tuloshistoriasi
Et ole pelannut tätä visaa